Dependent and Integral Territories - Statistics

General Stats
  • This quiz has been taken 31 times
    2 since last reset
  • The average score is 62 of 125
Answer Stats
Hint Answer Disputed With Status % Correct
Finland Åland // Autonomous Region
100%
UK Alderney // Crown Dependency Jurisdiction
100%
USA American Samoa // Unincorporated Unorganized Territory
100%
UK Anguilla // Overseas Territory
100%
Argentina Argentine Antarctica UK & Chile Antarctic Claim
100%
UK Ascension Island // Overseas Territory
100%
Australia Australian Antarctic Territory // External Territory
100%
Portugal Azores // Autonomous Region
100%
UK Bermuda // Overseas Territory
100%
UK British Antarctic Territory Chile & Argentina Overseas Territory
100%
UK British Indian Ocean Territory Mauritius Overseas Territory
100%
UK British Virgin Islands // Overseas Territory
100%
UK Cayman Islands // Overseas Territory
100%
Australia Christmas Island // External Territory
100%
UK Falkland Islands Argentina Overseas Territory
100%
France French Guiana // Overseas Region/Department
100%
France French Polynesia // Overseas Collectivity
100%
UK Gibraltar Spain Overseas Territory
100%
USA Guam // Unincorporated Organized Territory
100%
UK Guernsey // Crown Dependency Jurisdiction
100%
China Hong Kong // Special Administrative Region
100%
UK Isle of Man // Crown Dependency
100%
UK Jersey // Crown Dependency
100%
China Macau // Special Administrative Region
100%
Portugal Madeira // Autonomous Region
100%
France Martinique // Overseas Region/Department
100%
UK Montserrat // Overseas Territory
100%
UK Pitcairn, Henderson, Ducie, and Oeno Islands // Overseas Territory
100%
USA Puerto Rico // Unincorporated Organized Territory; Commonwealth
100%
UK Saint Helena // Overseas Territory
100%
Norway Svalbard // Territory
100%
New Zealand Tokelau // Dependent Territory
100%
UK Tristan da Cunha // Overseas Territory
100%
UK Turks and Caicos Islands // Overseas Territory
100%
USA United States Virgin Islands // Unincorporated Organized Territory
100%
Tanzania Zanzibar // Semi-Autonomous Region
100%
France Adélie Land // Overseas Territory
50%
UK Akrotiri and Dhekelia Cyprus Overseas Territory; Sovereign Base Area
50%
India Andaman and Nicobar Islands // Union Territory
50%
Australia Ashmore and Cartier Islands Indonesia External Territory
50%
USA Bajo Nuevo Bank Colombia & Jamaica Unincorporated Unorganized Territory
50%
USA Baker Island // Unincorporated Unorganized Territory
50%
Netherlands Bonaire // Overseas Municipality
50%
Norway Bouvet Island // Dependent Territory
50%
Spain Canary Islands // Autonomous Region
50%
Spain Ceuta Morocco Autonomous City
50%
New Zealand Chatham Islands // Territory; Has Territorial Authority
50%
Chile Chilean Antarctica UK & Argentina Territory
50%
France Clipperton Island // Overseas State Private Property
50%
Australia Cocos (Keeling) Islands // External Territory
50%
Australia Coral Sea Islands // External Territory
50%
France Guadeloupe // Overseas Region/Department
50%
Australia Heard Island and McDonald Islands // External Territory
50%
USA Howland Island // Unincorporated Unorganized Territory
50%
Norway Jan Mayen // Territory
50%
USA Jarvis Island // Unincorporated Unorganized Territory
50%
USA Johnston Atoll // Unincorporated Unorganized Territory
50%
Chile Juan Fernández Islands // Special Territory
50%
France Kerguélen Islands // Overseas Territory
50%
USA Kingman Reef // Unincorporated Unorganized Territory
50%
India Lakshadweep // Union Territory
50%
Australia Lord Howe Island // Unincorporated & Self Administered; Part of New South Wales
50%
France Mayotte Comoros Overseas Region/Department
50%
Spain Melilla Morocco Autonomous City
50%
USA Midway Atoll // Unincorporated Unorganized Territory
50%
Greece Mount Athos // Autonomous Region; Monastic Community
50%
USA Navassa Island Haiti Unincorporated Unorganized Territory
50%
France New Caledonia // Sui Generis Collectivity
50%
Australia Norfolk Island // External Territory
50%
USA Northern Mariana Islands // Unincorporated Organized Territory; Commonwealth
50%
USA Palmyra Atoll // Incorporated Unorganized Territory
50%
Norway Peter I Island // Dependent Territory
50%
South Africa Prince Edward Islands // Subantarctic; Administered as part of the Municipality of the City of Cape Town, In Western Cape Province
50%
Norway Queen Maud Land // Dependent Territory
50%
Chile Rapa Nui // Special Territory
50%
France Réunion // Overseas Region/Department
50%
Netherlands Saba // Overseas Municipality
50%
France Saint Barthélemy // Overseas Collectivity
50%
France Saint Martin // Overseas Collectivity
50%
France Saint Pierre and Miquelon // Overseas Collectivity
50%
UK Sark // Crown Dependency Jurisdiction
50%
USA Serranilla Bank Colombia, Jamaica, & Honduras Unincorporated Unorganized Territory
50%
Netherlands Sint Eustatius // Overseas Municipality
50%
UK South Georgia and the South Sandwich Islands Argentina Overseas Territory
50%
Australia Torres Strait Islands // Autonomous Region; Administered by Queensland
50%
USA Wake Island Marshall Islands Unincorporated Unorganized Territory
50%
France Wallis and Futuna // Overseas Collectivity
50%
Spain Alboran Island // Territory; Administered as part of the Municipality of Almería
0%
Spain Alhucemas Islands Morocco Territory
0%
New Zealand Antipodes Islands // Territory
0%
New Zealand Aukland Islands // Territory
0%
Venezuela Aves Island // Federal Territory
0%
France Bassas da India Madagascar Overseas Territory
0%
New Zealand Bounty Islands // Territory
0%
New Zealand Campbell Islands // Territory
0%
Grenada Carriacou and Petite Martinique // Dependency
0%
Spain Chafarinas Islands Morocco Territory
0%
France Crozet Islands // Overseas Territory
0%
France Europa Island Madagascar Overseas Territory
0%
Brazil Fernando de Noronha // State District
0%
France Glorioso Islands Madagascar & Comoros Overseas Territory
0%
France Juan de Nova Island Madagascar Overseas Territory
0%
New Zealand Kermadec Islands // Territory
0%
Venezuela La Blanquilla Island // Federal Territory
0%
Malaysia Labuan // Federal Territory
0%
Venezuela La Orchila Island // Federal Territory
0%
Venezuela Las Aves Archipelago // Federal Territory
0%
Venezuela La Sola Island // Federal Territory
0%
Venezuela La Tortuga Island // Federal Territory
0%
Venezuela Los Frailes Archipelago // Federal Territory
0%
Venezuela Los Hermanos Archipelago // Federal Territory
0%
Venezuela Los Monjes Archipelago // Federal Territory
0%
Venezuela Los Roques Archipelago // Federal Territory
0%
Venezuela Los Testigos Islands // Federal Territory
0%
Australia Macquarie Island // Subantarctic; Administered as Part of Tasmania
0%
Venezuela Patos Island // Federal Territory
0%
Spain Peñón de Velez de la Gomera Morocco Territory
0%
Mexico Revillagigedo Islands // Federal Property
0%
New Zealand Ross Dependency // Dependent Territory
0%
France Saint Paul and Amsterdam Islands // Overseas Territory
0%
New Zealand Snares Islands/Tini Heke // Territory
0%
New Zealand Solander Islands/Hautere // Territory (Administered by a Regional Authority)
0%
New Zealand Three Kings Islands/Manawatāwhi // Territory
0%
Brazil Trindade and Martim Vaz // Naval District
0%
France Tromelin Island Mauritius Overseas Territory
0%
No matching quizzes found
Score Distribution
Percent of People with Each Score
Percentile by Number Answered
Your Score History
You have not taken this quiz since the last reset